000 00515nam a22001697a 4500
005 20251108170837.0
008 250721s1995 xx 000 0 ara d
082 1 4 _a131.32/كن
245 1 0 _aكن مسالماً لا مستسلماً /
250 _aط5.، منقحة و مزيده
264 1 _aبيروت :
_bدار الآفاق الجديدة،
_c1995.
300 _a159 ص
490 0 _aالسيكولوجية المبسطة
650 1 7 _aالصحة النفسية
942 _2ddc
_cBK
999 _c50323
_d50323